000 00375cam a2200157ua 4500
041 _aeng
_h
082 _a823.308
_bSTR/CI
100 _aStrietfield, Noel .
245 _aCircus is coming /
_cNoel Strietfield.
_hTextual Documents
250 _a /
_b.
260 _a :
_bPennant books ,
_c1962.
300 _a314 ; .
504 _a
942 _cBK
999 _c12857
_d12857